[Event "Mondiale Lampo FIDE 2017"]
[Site "Riyadh"]
[Date "30.12.2017"]
[Round "20.22"]
[White "Onischuk, Vladimir"]
[Black "Kravtsiv, Martyn"]
[Result "1/2-1/2"]
[WhiteTitle "GM"]
[BlackTitle "GM"]
[WhiteElo "2637"]
[BlackElo "2672"]
[WhiteFideId "14114038"]
[BlackFideId "14113147"]
[EventDate "2017.12.29"]

1. Nf3 Nf6 2. g3 d5 3. Bg2 e6 4. O-O Be7 5. d3 O-O 6. Nbd2 Nc6 7. e4 dxe4 8.
dxe4 e5 9. c3 a5 10. Qc2 Be6 11. b3 Nd7 12. Rd1 Qe8 13. Nf1 f6 14. Ne3 Qf7 15.
Nd5 Bd6 16. Nd2 Ne7 17. Ne3 Nb6 18. Rb1 Rfd8 19. Ndf1 Bc5 20. Rxd8+ Rxd8 21. a3
Bd6 22. b4 axb4 23. axb4 Ra8 24. Bb2 Ra2 25. Ra1 Bb3 26. Qc1 c5 27. Rxa2 Bxa2
28. Qd2 Nec8 29. Bh3 cxb4 30. cxb4 Be6 31. Bxe6 Qxe6 32. Nd5 Nxd5 33. exd5 Qd7
34. Ne3 b5 35. Bc3 Ne7 36. Qd3 g6 37. h4 Kf7 38. Bd2 Bc7 39. Qb3 Qd6 40. Qa2 h5
41. Qa8 Kg7 42. Qb7 Qb6 43. Qa8 Bd6 44. Qe8 Qb8 45. Qd7 Kf7 46. Qe6+ Kg7 47. Qd7
Kf7 48. g4 Qc7 49. Qe6+ Kg7 50. gxh5 gxh5 51. Nf5+ Nxf5 52. Qxf5 Qf7 53. Qf3
Qg6+ 54. Kf1 Qc2 55. Ke1 Kg6 56. Qg3+ Kf7 57. Qf3 Qg6 58. Kf1 Ke7 59. Qa3 Qb1+
60. Be1 Qe4 61. Qa7+ Kf8 62. Qa8+ Kf7 63. Qb7+ Kg6 64. Qxb5 Qh1+ 65. Ke2 Qxh4
66. Qd3+ f5 67. b5 Qg4+ 68. Kf1 e4 69. Qc3 Kf7 70. b6 f4 71. Qc6 f3 72. Qb7+ Kg6
73. Bc3 Qg2+ 74. Ke1 Qg1+ 75. Kd2 Qxf2+ 76. Kc1 Qf1+ 77. Kb2 Qb5+ 78. Kc2 f2 79.
Qg7+ Kf5 80. Qf6+ Kg4 81. Qxf2 Qd3+ 82. Kb2 Qxd5 83. Qg2+ Kf5 84. Qh3+ Kg6 85.
Qg2+ Kf7 86. Qf1+ Ke6 87. Qa6 Qc6 88. Qa2+ Qd5 89. Qa4 Kf5 90. Qd7+ Kf4 91. b7
Qd3 92. Qf7+ Ke3 93. Qxh5 Bb8 94. Qh3+ Ke2 95. Qg2+ Kd1 96. Qh1+ Ke2 97. Qg2+
Kd1 98. Qg4+ Qe2+ 99. Qxe2+ Kxe2 100. Kb3 Kd3 101. Be1 e3 102. Kb4 e2 103. Kb5
Bh2 104. Kc6 Kc2 105. Kd7 Kd1 106. Ba5 Bg3 107. Kc8 Bf4 108. b8=Q 1/2-1/2

[Event "Mondiale Lampo FIDE 2017"]
[Site "Riyadh"]
[Date "30.12.2017"]
[Round "20.23"]
[White "Khismatullin, Denis"]
[Black "Pantsulaia, Levan"]
[Result "0-1"]
[WhiteTitle "GM"]
[BlackTitle "GM"]
[WhiteElo "2632"]
[BlackElo "2612"]
[WhiteFideId "4142578"]
[BlackFideId "13602071"]
[EventDate "2017.12.29"]

1. Nf3 c5 2. c4 Nf6 3. Nc3 e6 4. d4 cxd4 5. Nxd4 a6 6. e4 Qc7 7. a3 Nxe4 8. Nxe4
Qe5 9. Qc2 Qxd4 10. Be3 Qe5 11. f4 Qa5+ 12. Kf2 f5 13. b4 Qc7 14. Ng5 Be7 15.
Nf3 O-O 16. c5 b6 17. Rc1 bxc5 18. Bxc5 Bxc5+ 19. Qxc5 Qxf4 20. g3 Qh6 21. Qxc8
Rxc8 22. Rxc8+ Kf7 23. Bg2 Qf6 24. Rd1 Ke7 25. Nd4 Ra7 26. Rxb8 Rc7 27. Rd2 g6
28. a4 Qe5 29. Nf3 Qc3 30. b5 axb5 31. axb5 Qc5+ 32. Kf1 Ra7 33. b6 Ra1+ 34. Ne1
Qe5 0-1

[Event "Mondiale Lampo FIDE 2017"]
[Site "Riyadh"]
[Date "30.12.2017"]
[Round "20.24"]
[White "Saric, Ivan"]
[Black "Esipenko, Andrey"]
[Result "0-1"]
[WhiteTitle "GM"]
[BlackTitle "FM"]
[WhiteElo "2669"]
[BlackElo "2564"]
[WhiteFideId "14508150"]
[BlackFideId "24175439"]
[EventDate "2017.12.29"]

1. e4 c6 2. d4 d5 3. Nc3 dxe4 4. Nxe4 Nf6 5. Nxf6+ exf6 6. c3 Bd6 7. Bd3 O-O 8.
Qc2 Re8+ 9. Ne2 f5 10. Bxf5 Bxf5 11. Qxf5 Nd7 12. Be3 Nb6 13. O-O Nc4 14. b3 g6
15. Qf3 Nxe3 16. fxe3 f5 17. Rae1 Qa5 18. a4 Re7 19. e4 Rxe4 20. Ng3 Rxe1 21.
Rxe1 Qb6 22. b4 a5 23. b5 cxb5 24. Qd5+ Kh8 25. Re6 Rd8 26. axb5 Qc7 27. Qf3 a4
28. Re2 a3 29. Nf1 Qc4 30. Ne3 Qxc3 31. Qxb7 a2 32. Rxa2 Qxe3+ 0-1

[Event "Mondiale Lampo FIDE 2017"]
[Site "Riyadh"]
[Date "30.12.2017"]
[Round "20.25"]
[White "Ponomariov, Ruslan"]
[Black "Vallejo Pons, Francisco"]
[Result "1-0"]
[WhiteTitle "GM"]
[BlackTitle "GM"]
[WhiteElo "2694"]
[BlackElo "2707"]
[WhiteFideId "14103320"]
[BlackFideId "2205530"]
[EventDate "2017.12.29"]

1. e4 e5 2. Nf3 Nc6 3. Bc4 Nf6 4. d3 h6 5. O-O d6 6. d4 Be7 7. Nc3 Bg4 8. dxe5
Nxe5 9. Be2 Nxf3+ 10. Bxf3 Bxf3 11. Qxf3 O-O 12. Bf4 Qc8 13. Rad1 Re8 14. Rfe1
Nd7 15. Nd5 Bf8 16. Qg3 Kh8 17. b3 Ne5 18. c4 Ng6 19. Bc1 c6 20. Nf4 Ne5 21. Bb2
a5 22. h3 a4 23. Nh5 axb3 24. axb3 Ra2 25. Re2 Qa8 26. f4 Ng6 27. Kh2 Qa5 28.
Qf3 Nh4 29. Qg4 Ng6 30. Bc3 Qa3 31. Rxa2 Qxa2 32. Qd7 Nh4 33. Rd2 Qa8 34. Qxf7
Re7 35. Bxg7+ Bxg7 36. Qxe7 Bc3 37. Rxd6 1-0

[Event "Mondiale Lampo FIDE 2017"]
[Site "Riyadh"]
[Date "30.12.2017"]
[Round "20.26"]
[White "Kasimdzhanov, Rustam"]
[Black "Alekseev, Evgeny"]
[Result "1-0"]
[WhiteTitle "GM"]
[BlackTitle "GM"]
[WhiteElo "2683"]
[BlackElo "2616"]
[WhiteFideId "14200244"]
[BlackFideId "4138147"]
[EventDate "2017.12.29"]

1. e4 c5 2. Nf3 e6 3. d4 cxd4 4. Nxd4 Nc6 5. Nc3 a6 6. g3 d6 7. Bg2 Bd7 8. Nde2
Nf6 9. O-O Be7 10. h3 b5 11. a3 Qc7 12. g4 Bc8 13. Ng3 O-O 14. f4 Nd7 15. g5 Re8
16. Kh1 Bf8 17. f5 Nce5 18. Nce2 Bb7 19. Nd4 g6 20. h4 Nc5 21. b3 Rac8 22. Bf4
exf5 23. exf5 Bxg2+ 24. Kxg2 Qb7+ 25. Kh3 Ne4 26. Nde2 Qc6 27. Rc1 d5 28. Nd4
Qd7 29. Bxe5 Rxe5 30. Qg4 Bxa3 31. Rcd1 Bc5 32. Nf3 Qc7 33. Nxe5 Qxe5 34. fxg6 1-0

[Event "Mondiale Lampo FIDE 2017"]
[Site "Riyadh"]
[Date "30.12.2017"]
[Round "20.27"]
[White "Riazantsev, Alexander"]
[Black "Socko, Bartosz"]
[Result "1/2-1/2"]
[WhiteTitle "GM"]
[BlackTitle "GM"]
[WhiteElo "2650"]
[BlackElo "2593"]
[WhiteFideId "4125029"]
[BlackFideId "1107038"]
[EventDate "2017.12.29"]

1. d4 Nf6 2. c4 e6 3. Nf3 b6 4. a3 Bb7 5. Nc3 d5 6. Bg5 Be7 7. e3 O-O 8. Qc2
Nbd7 9. cxd5 Nxd5 10. Bxe7 Qxe7 11. Nxd5 Bxd5 12. Qxc7 Rfc8 13. Qf4 Nf6 14. Bd3
Bc4 15. Bxc4 Rxc4 16. O-O Rac8 17. e4 h6 18. h3 Qb7 19. Rfe1 Rc2 20. b4 Qd7 21.
Rad1 R8c4 22. Rd3 Ra2 23. Qe3 Rcc2 24. Rd2 Qa4 25. Rxc2 Qxc2 26. Ne5 Qb2 27. Nc4
Qc2 28. Nd6 Qb2 29. e5 Nd5 30. Qf3 f5 31. exf6 Nxf6 32. Qe3 Kh7 33. Qd3+ Kg8 34.
Qe3 Kh7 35. Rf1 Qe2 36. Qxe2 Rxe2 37. Rc1 Nd5 38. Rc8 Ra2 39. Nc4 b5 40. Nd6
Rxa3 41. Nxb5 Ra4 42. Re8 a6 43. Nd6 Rxb4 44. Rxe6 Rxd4 45. Nf5 Rd1+ 46. Kh2 a5
47. Ra6 Ra1 48. Ra7 Kg6 49. Nxg7 a4 50. Ne6 a3 51. Nd4 Nc3 52. Ra6+ Kg7 53. Nc2
Ra2 54. Nxa3 Nb5 55. Nxb5 Rxa6 56. Nc3 Ra3 57. Ne4 Kg6 1/2-1/2

[Event "Mondiale Lampo FIDE 2017"]
[Site "Riyadh"]
[Date "30.12.2017"]
[Round "20.29"]
[White "Laznicka, Viktor"]
[Black "Van Foreest, Jorden"]
[Result "1-0"]
[WhiteTitle "GM"]
[BlackTitle "GM"]
[WhiteElo "2647"]
[BlackElo "2629"]
[WhiteFideId "316385"]
[BlackFideId "1039784"]
[EventDate "2017.12.29"]

1. d4 d5 2. Nf3 Nf6 3. Bf4 e6 4. e3 c5 5. c3 Nc6 6. Nbd2 Be7 7. h3 Bd6 8. Bxd6
Qxd6 9. Be2 O-O 10. O-O e5 11. dxe5 Nxe5 12. Nxe5 Qxe5 13. Nf3 Qe7 14. a4 Be6
15. a5 Rad8 16. Qa4 Ne4 17. Rfd1 h6 18. Rac1 Bd7 19. Qa3 Bc6 20. b4 b6 21. bxc5
bxc5 22. Nd2 d4 23. cxd4 Nxd2 24. Qxc5 Rd6 25. Rxd2 Rfd8 26. Bf1 Ba8 27. Rdc2
Qe4 28. Qe5 Qg6 29. Rc8 Kh7 30. Rxa8 1-0

[Event "Mondiale Lampo FIDE 2017"]
[Site "Riyadh"]
[Date "30.12.2017"]
[Round "20.30"]
[White "Cheparinov, Ivan"]
[Black "Mchedlishvili, Mikheil"]
[Result "1-0"]
[WhiteTitle "GM"]
[BlackTitle "GM"]
[WhiteElo "2710"]
[BlackElo "2603"]
[WhiteFideId "2905540"]
[BlackFideId "13600966"]
[EventDate "2017.12.29"]

1. Nf3 d6 2. d4 g6 3. g3 Bg7 4. c4 Nf6 5. Bg2 O-O 6. O-O c6 7. Nc3 Nbd7 8. e4 e5
9. h3 Qa5 10. Be3 exd4 11. Nxd4 Nb6 12. Nb3 Qa6 13. c5 Nc4 14. Bd4 dxc5 15. Nxc5
Qa5 16. Qe2 Nb6 17. a3 Nbd7 18. b4 Qc7 19. Rfd1 Re8 20. Rac1 Nxc5 21. Bxc5 Be6
22. Bd6 Qc8 23. Kh2 h5 24. e5 Nd7 25. f4 Nb6 26. b5 h4 27. g4 Bc4 28. Qf3 Qe6
29. bxc6 bxc6 30. Re1 f5 31. g5 Rac8 32. a4 Nd5 33. Ne2 Nb6 34. Nd4 Qd7 35. a5
Bd5 36. Qf2 Bxg2 37. Qxg2 Nd5 38. Qf3 Bf8 39. Nxc6 Qf7 40. Bxf8 Kxf8 41. Nd4
Rxc1 42. Rxc1 Qd7 43. Qa3+ Kg8 44. Qb3 Kh8 45. Qf3 Nb4 46. Rc4 Rb8 47. e6 Qd6
48. Qe3 Kh7 49. Qe5 Qxe5 50. fxe5 Nd5 51. Rc5 Rb2+ 1-0

[Event "Mondiale Lampo FIDE 2017"]
[Site "Riyadh"]
[Date "30.12.2017"]
[Round "20.31"]
[White "Inarkiev, Ernesto"]
[Black "Bocharov, Dmitry"]
[Result "1-0"]
[WhiteTitle "GM"]
[BlackTitle "GM"]
[WhiteElo "2689"]
[BlackElo "2583"]
[WhiteFideId "4162722"]
[BlackFideId "4138716"]
[EventDate "2017.12.29"]

1. d4 Nf6 2. c4 e6 3. Nf3 b6 4. g3 Bb7 5. Bg2 Bb4+ 6. Bd2 a5 7. Nc3 O-O 8. O-O
d6 9. Qc2 Nbd7 10. Rad1 Qe7 11. b3 Rfe8 12. Bc1 Bxc3 13. Qxc3 Be4 14. Bb2 c6 15.
Ba3 b5 16. Bb2 d5 17. c5 b4 18. Qd2 Qd8 19. Ne1 Bxg2 20. Kxg2 Qb8 21. Nd3 Qb5
22. f3 Reb8 23. Qf4 a4 24. g4 axb3 25. axb3 Ra2 26. Rd2 Rba8 27. h4 Qb8 28.
Qxb8+ Rxb8 29. h5 h6 30. Ra1 Rxa1 31. Bxa1 Ne8 32. Ra2 Rb7 33. Ra8 Kf8 34. Bb2
Ke7 35. Ra4 Nc7 36. Nxb4 Nb8 37. Kf2 f6 38. Ke3 Kd7 39. Kd3 Nb5 40. Bc1 e5 41.
dxe5 fxe5 42. Bb2 Ke6 43. Ra8 Nc7 44. Ra4 Rb5 45. f4 Nd7 46. Kc2 Rxc5+ 47. Kd2
Rb5 48. Nxc6 Nc5 49. Ra7 Kd6 50. Bxe5+ Kxc6 51. Rxc7+ Kb6 52. Rxg7 Rxb3 53. Bd4 1-0

[Event "Mondiale Lampo FIDE 2017"]
[Site "Riyadh"]
[Date "30.12.2017"]
[Round "20.32"]
[White "Kovalev, Vladislav"]
[Black "Nguyen, Ngoc Truong Son"]
[Result "1/2-1/2"]
[WhiteTitle "GM"]
[BlackTitle "GM"]
[WhiteElo "2639"]
[BlackElo "2630"]
[WhiteFideId "13504398"]
[BlackFideId "12401110"]
[EventDate "2017.12.29"]

1. e4 e5 2. Nf3 Nf6 3. Nc3 Nc6 4. Bb5 Bb4 5. O-O O-O 6. d3 Bxc3 7. bxc3 d6 8.
Bg5 Ne7 9. Re1 Ng6 10. d4 h6 11. Bc1 Bd7 12. Bd3 Re8 13. h3 b6 14. Nh2 Bc6 15.
d5 Bd7 16. Nf1 Nh7 17. Qf3 Qf6 18. Qxf6 Nxf6 19. Kh2 Nf4 20. Ne3 g6 21. h4 Kg7
22. g3 Nxd3 23. cxd3 Ng4+ 24. Kg2 Nxe3+ 25. Bxe3 f5 26. f4 fxe4 27. dxe4 Bb5 28.
fxe5 dxe5 29. c4 Bxc4 30. Rac1 b5 31. Bc5 a6 32. Kf3 Rad8 33. Ke3 Rd7 34. a4 Rf7
35. axb5 axb5 36. Ra1 Rb8 37. Rec1 g5 38. hxg5 hxg5 39. g4 Rh8 40. Rh1 Rxh1 41.
Rxh1 Rf4 42. d6 cxd6 43. Bxd6 Rxg4 44. Bxe5+ Kg6 45. Kf3 Rh4 46. Rxh4 gxh4 47.
Kg4 1/2-1/2

[Event "Mondiale Lampo FIDE 2017"]
[Site "Riyadh"]
[Date "30.12.2017"]
[Round "20.33"]
[White "Bacrot, Etienne"]
[Black "Fedorchuk, Sergey A."]
[Result "1-0"]
[WhiteTitle "GM"]
[BlackTitle "GM"]
[WhiteElo "2725"]
[BlackElo "2648"]
[WhiteFideId "605506"]
[BlackFideId "14102536"]
[EventDate "2017.12.29"]

1. d4 Nf6 2. Nf3 e6 3. c4 b6 4. g3 Bb4+ 5. Bd2 Bxd2+ 6. Qxd2 Bb7 7. Bg2 Qe7 8.
O-O d6 9. d5 e5 10. Nc3 a5 11. Nh4 Bc8 12. a3 O-O 13. b4 g6 14. Nb5 Ba6 15. Qc2
Rc8 16. Nc3 Bxc4 17. b5 a4 18. Nxa4 Rxa4 19. Qxa4 Bxe2 20. Rfe1 Bg4 21. Rac1 g5
22. Nf3 Bxf3 23. Bxf3 Nbd7 24. Bg4 Qd8 25. Bf5 Nxd5 26. Bxh7+ Kg7 27. Bf5 Nc5
28. Qd1 Ne7 29. Bxc8 Qxc8 30. Qf3 Nf5 31. Qg4 Kg6 32. h4 f6 33. Red1 Nb3 34.
hxg5 fxg5 35. Rc6 Nbd4 36. Rxd4 exd4 37. Qe4 Qd7 38. g4 Kg7 39. Qxf5 Qe7 40. Rc1
Qe2 41. Qxg5+ Kf7 42. Qf4+ Ke7 43. Qxd4 Kd7 44. Qf4 Qb2 45. Qf7+ Kc8 46. Qxc7# 1-0

[Event "Mondiale Lampo FIDE 2017"]
[Site "Riyadh"]
[Date "30.12.2017"]
[Round "20.34"]
[White "Andriasian, Zaven"]
[Black "Halkias, Stelios"]
[Result "1-0"]
[WhiteTitle "GM"]
[BlackTitle "GM"]
[WhiteElo "2585"]
[BlackElo "2571"]
[WhiteFideId "13302000"]
[BlackFideId "4201809"]
[EventDate "2017.12.29"]

1. e4 e5 2. Nf3 Nc6 3. Bc4 Nf6 4. d3 h6 5. O-O d6 6. c3 g6 7. d4 Qe7 8. Nbd2 Bg7
9. Re1 O-O 10. h3 Kh8 11. dxe5 Nxe5 12. Nxe5 dxe5 13. Nf3 Ne8 14. a4 Nd6 15. Bf1
a5 16. Qc2 b6 17. b3 Bb7 18. Ba3 Rad8 19. Rad1 Qe6 20. b4 Nc4 21. Bxc4 Qxc4 22.
bxa5 Rxd1 23. Qxd1 Ra8 24. axb6 cxb6 25. Bb4 Bc6 26. Qd6 Re8 27. Qc7 Qe6 28.
Qxb6 Bxa4 29. Qxe6 Rxe6 30. Nd2 Re8 31. Nc4 Kg8 32. Nd6 Rb8 33. Ra1 Bb3 34. Ra5
Bc2 35. Ra7 Bb3 36. Rc7 Bc2 37. f3 f5 38. Kf2 fxe4 39. Nxe4 Ra8 40. Kg3 h5 41.
Be7 Bh6 42. Bg5 Bxe4 43. Bxh6 Bf5 44. Rg7+ Kh8 45. Re7 Ra2 46. Rxe5 Rc2 47. Rc5
Kg8 48. h4 Kf7 49. Be3 Ke6 50. Bd4 Bd3 51. Re5+ Kf7 52. Re1 Bf5 53. Rg1 Bd3 54.
Kf4 Bc4 55. g4 Rh2 56. Kg5 Rh3 57. gxh5 gxh5 58. f4 Be2 59. f5 Bg4 60. Ra1 Rf3
61. Ra7+ Ke8 62. f6 Kf8 63. Kh6 Kg8 64. Rg7+ Kf8 65. Bc5+ Ke8 66. Re7+ Kd8 67.
Bd4 Bd7 68. Kxh5 Rf4 69. Rg7 Rf5+ 70. Rg5 Rf4 71. Rg8+ Kc7 72. Be5+ 1-0

[Event "Mondiale Lampo FIDE 2017"]
[Site "Riyadh"]
[Date "30.12.2017"]
[Round "20.35"]
[White "Movsesian, Sergei"]
[Black "Fressinet, Laurent"]
[Result "0-1"]
[WhiteTitle "GM"]
[BlackTitle "GM"]
[WhiteElo "2647"]
[BlackElo "2662"]
[WhiteFideId "310204"]
[BlackFideId "608742"]
[EventDate "2017.12.29"]

1. c4 c6 2. Nf3 d5 3. e3 Nf6 4. Qc2 g6 5. b3 Bg7 6. Bb2 O-O 7. Be2 Bf5 8. d3 Na6
9. a3 dxc4 10. bxc4 Nc5 11. Nd4 Bxd3 12. Bxd3 Nxd3+ 13. Qxd3 c5 14. Ke2 cxd4 15.
exd4 Qb6 16. Bc3 Rad8 17. Rd1 Ng4 18. h3 Ne5 19. c5 Nxd3 20. cxb6 Nf4+ 21. Kf3
Nd5 22. bxa7 Ra8 23. Bb2 Rxa7 24. Nd2 Ra4 25. Nb3 b6 26. Rac1 e6 27. Rc6 Rfa8
28. Rdc1 Bf8 29. Rc8 Rxc8 30. Rxc8 Kg7 31. Rc1 h5 32. g3 Be7 33. Ke2 Bxa3 34.
Bxa3 Rxa3 35. Nd2 b5 36. Ne4 b4 37. Rc8 Ra2+ 38. Kd3 Ra3+ 39. Kc4 Rf3 40. Rb8
Nf6 41. Ng5 Rxf2 42. Rb7 Rc2+ 43. Kb3 Rc3+ 44. Kxb4 Nd5+ 45. Ka4 Rc7 46. Rb8 Kf6
47. Ne4+ Kg7 48. Kb3 Nf6 49. Nc5 e5 50. Kc4 exd4 51. Kxd4 Rxc5 0-1

[Event "Mondiale Lampo FIDE 2017"]
[Site "Riyadh"]
[Date "30.12.2017"]
[Round "20.37"]
[White "Grigoriants, Sergey"]
[Black "Anton Guijarro, David"]
[Result "0-1"]
[WhiteTitle "GM"]
[BlackTitle "GM"]
[WhiteElo "2561"]
[BlackElo "2666"]
[WhiteFideId "4130804"]
[BlackFideId "2285525"]
[EventDate "2017.12.29"]

1. c4 e5 2. g3 Nf6 3. Bg2 Nc6 4. Nc3 Bb4 5. Nd5 Bc5 6. e3 d6 7. Ne2 Bb6 8. O-O
O-O 9. Nxb6 axb6 10. Nc3 Bg4 11. f3 Be6 12. b3 d5 13. cxd5 Nxd5 14. Nxd5 Bxd5
15. Bb2 Re8 16. Rf2 Qd7 17. Bc3 b5 18. Qc2 b4 19. Bb2 Qd6 20. Qd3 Red8 21. e4
Be6 22. Qxd6 Rxd6 23. f4 f6 24. Bf1 Nd4 25. fxe5 fxe5 26. Rc1 c6 27. Bxd4 Rxd4
28. d3 Ra5 29. Kg2 c5 30. Kf3 b6 31. Ke3 Rd8 32. Rcc2 h6 33. Be2 Rda8 34. Bh5
Rf8 35. Bg6 Rf6 36. Be8 Kf8 37. Bc6 Ke7 38. Bd5 Bh3 39. Rcd2 Ra7 40. Rc2 Rd7 41.
Rcd2 Rd8 42. Rxf6 gxf6 43. Rf2 h5 44. Bc4 Rh8 45. Kf3 Bg4+ 46. Ke3 h4 47. Rg2
Bh3 48. Rg1 hxg3 49. Rxg3 Rh7 50. Bg8 Rh6 51. Bd5 Be6 52. Rg7+ Kd6 53. Rb7 Bxd5
54. exd5 Kxd5 55. Rxb6 Rh3+ 56. Ke2 Rxh2+ 57. Ke3 f5 0-1

[Event "Mondiale Lampo FIDE 2017"]
[Site "Riyadh"]
[Date "30.12.2017"]
[Round "20.38"]
[White "Potkin, Vladimir"]
[Black "Georgiev, Kiril"]
[Result "0-1"]
[WhiteTitle "GM"]
[BlackTitle "GM"]
[WhiteElo "2574"]
[BlackElo "2623"]
[WhiteFideId "4131061"]
[BlackFideId "2900017"]
[EventDate "2017.12.29"]

1. c4 e6 2. Nc3 b6 3. e4 Bb7 4. Nf3 Bb4 5. Bd3 Ne7 6. O-O Ng6 7. Bc2 O-O 8. d4
Bxc3 9. bxc3 Nc6 10. Re1 Na5 11. Bd3 Ba6 12. Qe2 d5 13. cxd5 Bxd3 14. Qxd3 exd5
15. e5 Qd7 16. h4 Qg4 17. g3 Nc4 18. Nh2 Qh3 19. Qf3 c6 20. h5 Ne7 21. h6 Nf5
22. hxg7 Nxg7 23. Bg5 Qf5 24. Qe3 Nxe3 0-1

[Event "Mondiale Lampo FIDE 2017"]
[Site "Riyadh"]
[Date "30.12.2017"]
[Round "20.39"]
[White "Dobrov, Vladimir"]
[Black "Volokitin, Andrei"]
[Result "0-1"]
[WhiteTitle "GM"]
[BlackTitle "GM"]
[WhiteElo "2515"]
[BlackElo "2628"]
[WhiteFideId "4136594"]
[BlackFideId "14107090"]
[EventDate "2017.12.29"]

1. Nf3 Nf6 2. c4 c5 3. Nc3 d5 4. cxd5 Nxd5 5. e4 Nb4 6. Bc4 Nd3+ 7. Ke2 Nf4+ 8.
Kf1 Nd3 9. Ke2 Nf4+ 10. Kf1 Nd3 11. Qb3 e6 12. Qb5+ Nc6 13. Bxd3 a6 14. Qxc6+
bxc6 15. Bc4 a5 16. d3 Ba6 17. Bxa6 Rxa6 18. Ke2 Be7 19. Be3 O-O 20. b3 Bf6 21.
Rac1 Bxc3 22. Rxc3 a4 23. Bxc5 axb3 24. axb3 Ra2+ 25. Nd2 Qg5 26. Rd1 Rfa8 27.
Be3 Qg4+ 28. Ke1 Qxg2 29. Rxc6 Qxh2 30. b4 g6 31. b5 Qh1+ 32. Ke2 Qh5+ 33. Ke1
Qxb5 34. Rc3 h5 35. Rdc1 Ra1 36. Ke2 Rxc1 37. Rxc1 Rd8 38. Nc4 h4 39. e5 Qd5 40.
Rd1 h3 41. f3 Qxc4 0-1

[Event "Mondiale Lampo FIDE 2017"]
[Site "Riyadh"]
[Date "30.12.2017"]
[Round "20.40"]
[White "Adhiban, Baskaran"]
[Black "Eljanov, Pavel"]
[Result "1-0"]
[WhiteTitle "GM"]
[BlackTitle "GM"]
[WhiteElo "2655"]
[BlackElo "2711"]
[WhiteFideId "5018471"]
[BlackFideId "14102951"]
[EventDate "2017.12.29"]

1. f4 d5 2. Nf3 g6 3. e3 Bg7 4. Be2 c5 5. O-O Nc6 6. d3 Nf6 7. Ne5 Qc7 8. Nxc6
bxc6 9. Nc3 O-O 10. e4 Ba6 11. Kh1 c4 12. Qe1 cxd3 13. cxd3 e6 14. Be3 Rfd8 15.
Bg1 d4 16. Na4 Bb5 17. Nc5 Qb6 18. b4 a5 19. a4 axb4 20. Nxe6 fxe6 21. Qxb4 Qa5
22. Qxa5 Rxa5 23. axb5 Rxa1 24. Rxa1 cxb5 25. Rb1 Nh5 26. Bxh5 gxh5 27. Rxb5 Rc8
28. Rxh5 Rc1 29. g4 Rd1 30. Rh3 Rd2 31. e5 1-0

[Event "Mondiale Lampo FIDE 2017"]
[Site "Riyadh"]
[Date "30.12.2017"]
[Round "20.41"]
[White "Meier, Georg"]
[Black "Zhao, Jun"]
[Result "1/2-1/2"]
[WhiteTitle "GM"]
[BlackTitle "GM"]
[WhiteElo "2650"]
[BlackElo "2604"]
[WhiteFideId "4675789"]
[BlackFideId "8602522"]
[EventDate "2017.12.29"]

1. Nf3 Nf6 2. g3 b6 3. Bg2 Bb7 4. O-O e6 5. c4 Be7 6. b3 O-O 7. Bb2 d5 8. cxd5
exd5 9. d4 Nbd7 10. Nc3 Re8 11. Rc1 a6 12. Qc2 Bd6 13. e3 Qe7 14. Rfd1 g6 15.
Ne2 Ne4 16. Nf4 Rad8 17. a3 f6 18. b4 b5 19. Nd2 f5 20. Nf3 Nb6 21. Nd3 Nc4 22.
Re1 c6 23. Nfe5 Ng5 24. f3 Nf7 25. e4 fxe4 26. fxe4 Nxb2 27. Qxb2 Nxe5 28. dxe5
Bxe5 29. Nxe5 Qxe5 30. Qxe5 Rxe5 31. exd5 Rxe1+ 32. Rxe1 cxd5 33. Re7 Bc8 34.
Kf2 d4 35. Ke2 d3+ 36. Kd2 Bf5 37. Be4 Kf8 38. Re5 Bxe4 39. Rxe4 Kf7 40. Re5 Kf6
41. Rc5 Rd6 42. g4 h6 43. h3 Ke6 44. h4 Kf6 45. g5+ hxg5 46. hxg5+ Ke6 47. a4
bxa4 48. Ra5 Kd7 49. Rxa4 Kc7 50. Ra5 Kb6 51. Re5 Kc6 52. Rc5+ Kb7 53. Re5 Kb6
54. Rc5 Rd4 55. Re5 Rxb4 56. Re6+ Kb5 57. Rxg6 Rd4 58. Rg8 Kb6 59. g6 1/2-1/2

[Event "Mondiale Lampo FIDE 2017"]
[Site "Riyadh"]
[Date "30.12.2017"]
[Round "20.42"]
[White "Demchenko, Anton"]
[Black "Ni, Hua"]
[Result "1/2-1/2"]
[WhiteTitle "GM"]
[BlackTitle "GM"]
[WhiteElo "2660"]
[BlackElo "2671"]
[WhiteFideId "4160258"]
[BlackFideId "8601160"]
[EventDate "2017.12.29"]

1. e4 e5 2. Nf3 Nf6 3. Nxe5 d6 4. Nf3 Nxe4 5. Qe2 Qe7 6. d3 Nf6 7. Bg5 Qxe2+ 8.
Bxe2 Be7 9. Nc3 h6 10. Bd2 c6 11. O-O-O O-O 12. Rde1 d5 13. h3 Re8 14. Bd1 Na6
15. g4 Nc7 16. Ne2 Bd6 17. Ng3 Bd7 18. Nd4 Rxe1 19. Rxe1 Re8 20. Rf1 Ne6 21.
Nde2 Ng5 22. Bf4 Bc5 23. Ng1 Ne6 24. Bd2 Bb6 25. f4 Nf8 26. Nf3 Ng6 27. f5 Ne5
28. Nxe5 Rxe5 29. Bf3 Re8 30. Ne2 Be3 31. Bxe3 Rxe3 32. Kd2 Re8 33. b4 g5 34. a4
Kf8 35. a5 Ke7 36. c4 dxc4 37. dxc4 Kd6 38. c5+ Kc7 39. Nc3 a6 40. Kd3 h5 41.
Kd4 h4 42. Rc1 Bc8 43. Be2 Rd8+ 44. Ke3 Nd5+ 45. Nxd5+ Rxd5 46. Bc4 Re5+ 47. Kd4
f6 48. Rc3 Bd7 49. Re3 Rxe3 50. Kxe3 Kd8 51. Ke4 1/2-1/2

[Event "Mondiale Lampo FIDE 2017"]
[Site "Riyadh"]
[Date "30.12.2017"]
[Round "20.43"]
[White "Naiditsch, Arkadij"]
[Black "Sethuraman, S.P."]
[Result "0-1"]
[WhiteTitle "GM"]
[BlackTitle "GM"]
[WhiteElo "2705"]
[BlackElo "2646"]
[WhiteFideId "4650891"]
[BlackFideId "5021596"]
[EventDate "2017.12.29"]

1. d4 d5 2. Bf4 Nf6 3. e3 c5 4. c3 Nc6 5. Nd2 Bf5 6. Qb3 Qc8 7. dxc5 e5 8. Bg5
Be6 9. Bxf6 gxf6 10. Qa3 b6 11. Bb5 a6 12. Bxc6+ Qxc6 13. Ne2 bxc5 14. c4 d4 15.
e4 f5 16. Qf3 fxe4 17. Nxe4 O-O-O 18. N2g3 Bxc4 19. Rc1 Bd5 20. O-O Kb7 21. Qf5
Bd6 22. Rxc5 Bxc5 23. Rc1 Be6 24. Qf6 Be7 25. Qxe7+ Rd7 26. Nc5+ Ka7 27. Qf6 Rc8
28. Ne2 d3 29. Nxd3 Qxc1+ 0-1

[Event "Mondiale Lampo FIDE 2017"]
[Site "Riyadh"]
[Date "30.12.2017"]
[Round "20.44"]
[White "Moiseenko, Alexander"]
[Black "Miton, Kamil"]
[Result "1/2-1/2"]
[WhiteTitle "GM"]
[BlackTitle "GM"]
[WhiteElo "2667"]
[BlackElo "2584"]
[WhiteFideId "14102560"]
[BlackFideId "1111914"]
[EventDate "2017.12.29"]

1. d4 d5 2. c4 c6 3. Nc3 Nf6 4. Nf3 dxc4 5. a4 e6 6. e3 c5 7. Bxc4 Nc6 8. O-O
cxd4 9. exd4 Be7 10. Qe2 O-O 11. Rd1 Nb4 12. a5 Bd7 13. Ne5 a6 14. Bg5 h6 15.
Bh4 Bc6 16. Nxc6 bxc6 17. Bg3 Bd6 18. Be5 Nbd5 19. Na4 Bxe5 20. dxe5 Nd7 21. Nc3
Qc8 22. Ra3 Qc7 23. Bxa6 Nxe5 24. Nxd5 exd5 25. b4 Rfe8 26. Re3 Re6 27. f4 Qa7
28. fxe5 Rxe5 29. Kf2 Rxe3 30. Qxe3 Qxa6 31. Qc3 Qb5 32. h3 Rb8 33. Ra1 Qa6 34.
Kg1 Rb5 35. Kh1 Rb8 36. Qc5 Rb5 37. Qe7 Rb8 38. Qd6 Re8 39. Qc5 Kh7 40. Qb6 Ra8
41. Qxa6 Rxa6 42. Kg1 Kg6 43. Kf2 Kf6 44. Ke3 Ke5 45. Kd3 f5 46. Re1+ Kd6 47.
Kd4 Ra8 48. Ra1 Rb8 49. Kc3 c5 50. bxc5+ Kxc5 51. a6 d4+ 52. Kd3 Rb3+ 53. Kc2
Rb8 54. a7 Ra8 55. Kd3 g5 56. Ra6 g4 57. hxg4 fxg4 58. g3 h5 59. Ra1 Kd5 60.
Ra5+ Kc6 61. Kxd4 Kb6 62. Rxh5 Rxa7 63. Ke4 Ra4+ 64. Kf5 Kc7 65. Rh4 Kd7 66.
Rxg4 Ra1 67. Rg8 Ke7 68. Kg6 Rg1 69. Kh7 Rh1+ 70. Kg7 Rg1 71. Kh6 Kf7 72. Rg7+
Kf8 73. g4 Rh1+ 74. Kg6 Rg1 75. Rf7+ Kg8 76. Rg7+ Kf8 77. g5 Rxg5+ 1/2-1/2